000 00821nam a2200217Ia 4500
999 _c40141
_d40141
001 6747
003 GE_BSU
005 20191225111651.0
008 181216s1964||||ge |||||||||||||| ||geo||
040 _cGE_BSU
041 _ageo
080 _a821.353.1-32 გ-44
100 _aგვასალია, მოსე.
_95773
245 _aძმები :
_bმოთხრობები /
_cმოსე გვასალია ; რედ. მ. ფოცხიშვილი.
264 _aთბილისი :
_bლიტერატურა და ხელოვნება,
_c1964.
300 _a167 გვ. ;
_c20 სმ.
653 _aმოთხრობები
653 _aძმები
700 _aფოცხიშვილი, მ.
_eრედაქტორი
_93782
942 _cBK
_2udc